| 000 | 01021cam a2200301 i 4500 | ||
|---|---|---|---|
| 001 | 36485 | ||
| 003 | BD-RjUL | ||
| 005 | 20211209052508.0 | ||
| 008 | 140624s1977 tnuaf b 001 0 eng | ||
| 020 | _a087049211X | ||
| 035 | _a(BD-RjUL)36585 | ||
| 040 |
_aDLC _cDLC _dBD-RjUL _beng |
||
| 041 | _aeng | ||
| 082 | 0 | 0 |
_a320.976178106 _bHAP 1977 |
| 100 | 1 |
_aHarris, Carl Vernon, _d1937- _9111073 |
|
| 245 | 1 | 0 |
_aPolitical power in Birmingham, 1871-1921 / _cby Carl V. Harris. |
| 260 |
_aKnoxville : _bUniversity of Tennessee Press, _cc1977. |
||
| 300 |
_axvi, 318 p., [8] leaves of plates : _bill. ; _c24 cm. |
||
| 490 | 0 | _aTwentieth-century America series | |
| 500 | _aIncludes index. | ||
| 504 | _aBibliography: p. 295-303. | ||
| 650 | 0 |
_aPolitical participation _zAlabama _zBirmingham _xHistory. _9111074 |
|
| 650 | 0 |
_aPressure groups _zAlabama _zBirmingham _xHistory. _9111075 |
|
| 651 | 0 |
_aBirmingham (Ala.) _xPolitics and government. _9111076 |
|
| 942 |
_2ddc _cBK |
||
| 999 |
_c36485 _d36485 |
||